Apokalypsa aneb Zpěv o naději. /

Uložené v:
Podrobná bibliografia
Hlavný autor: Rejchrt, Luděk (Author)
Médium: Kniha
Jazyk:Czech
Vydané: Praha : Nový život, nakladatelství, 1994
Vydanie:1. vyd.
Témy:
ISBN: 8090016634 (brož.)
Fyzický popis: 158 s.
Tagy: Pridať tag
Žiadne tagy, Buďte prvý kto otaguje tento záznam!

MARC

LEADER 00000nam a2200000 a 4500
001 000058721
003 SVKK
005 19950918000000.0
008 950602s1994 cs e czeo
020 |a 8090016634 (brož.) 
040 |a SVKKK  |b slo  |c SVKKK  |e AACR2 
041 0 |a cze 
044 |a cs  |c CS 
080 |a 228  |2 1997 
100 1 |a Rejchrt, Luděk  |4 aut 
245 1 0 |a Apokalypsa aneb Zpěv o naději. /  |c Luděk Rejchrt 
250 |a 1. vyd. 
260 |a Praha :  |b Nový život, nakladatelství,  |c 1994 
300 |a 158 s. 
653 0 |a Zjavenie Jánovo  |2 SVKKKPH 
655 7 |a monografie  |2 SVKKKPH 
910 |a svkkk 
919 |a 80-900166-3-4 
974 |a MI  |d 19950913 
974 |a KL  |d 19950620 
974 |a PA  |d 19950918 
998 |a BK 
090 |g SCKHL  |k Sklad Pribinova prízemie  |a IV.168735  |j 883923  |i 58721-10  |s Absenčne